LDR 01023naa#a2200169#i#450# 001 RU\\bibl\116352 005 20260430234233.4 011 ## _a1994-4683 100 ## _a20260429b2026####ek#y0rusy0150####ca 102 ## _aRU 200 1# _aОсобенности проявления пластичности движений у спортсменок художественной и спортивной гимнастики _eЖурнальная статья 210 1# _aМосква _cНациональный государственный Университет физической культуры, спорта и здоровья им. П.Ф. Лесгафта _d2026 215 ## _a6 с. 608 ## _aЖурнальная статья _2local 675 ## _aГимнастика. Производственная и художественная гимнастика. Спортивная гимнастика. Акробатика. 796.41 _z 700 #1 _aМакарова _gВиктория Сергеевна 856 4# _auchzapiski.lesgaft.spb.ru _u